Between exclusivism and inclusivism: the Jordanian Muslim Brotherhood's divided reponses to the "Arab Spring"
| Main Author: | |
|---|---|
| Format: | Print Article |
| Language: | English |
| Check availability: | HBZ Gateway |
| Interlibrary Loan: | Interlibrary Loan for the Fachinformationsdienste (Specialized Information Services in Germany) |
| Published: |
2020
|
| In: |
Middle East Law and Governance
Year: 2020, Volume: 12, Issue: 1, Pages: 35-60 |
| Further subjects: | B
Sāfī Jordan
B Islam and politics B Arab Spring B Reaction |
MARC
| LEADER | 00000caa a2200000 c 4500 | ||
|---|---|---|---|
| 001 | 1727468333 | ||
| 003 | DE-627 | ||
| 005 | 20250711114956.0 | ||
| 007 | tu | ||
| 008 | 200819s2020 xx ||||| 00| ||eng c | ||
| 035 | |a (DE-627)1727468333 | ||
| 035 | |a (DE-599)KXP1727468333 | ||
| 040 | |a DE-627 |b ger |c DE-627 |e rda | ||
| 041 | |a eng | ||
| 084 | |a RG02.12 |2 fivr | ||
| 084 | |a SG07 |2 fivs | ||
| 084 | |a SG09 |2 fivs | ||
| 084 | |a 0 |2 ssgn | ||
| 100 | 1 | |e VerfasserIn |0 (DE-588)143270109 |0 (DE-627)644359730 |0 (DE-576)336007663 |4 aut |a Wagemakers, Joas |d 1979- | |
| 109 | |a Wagemakers, Joas 1979- |a Wagemakers, Johannes 1979- | ||
| 245 | 1 | 0 | |a Between exclusivism and inclusivism |b the Jordanian Muslim Brotherhood's divided reponses to the "Arab Spring" |c Joas Wagemakers |
| 264 | 1 | |c 2020 | |
| 336 | |a Text |b txt |2 rdacontent | ||
| 337 | |a ohne Hilfsmittel zu benutzen |b n |2 rdamedia | ||
| 338 | |a Band |b nc |2 rdacarrier | ||
| 650 | 0 | 7 | |0 (DE-588)1182267297 |0 (DE-627)1662604343 |a Politischer Islam |2 gnd |
| 650 | 0 | 7 | |0 (DE-588)7570561-8 |0 (DE-627)529905833 |0 (DE-576)213813734 |a Reaktion |2 gnd |
| 650 | 0 | 7 | |0 (DE-588)102321377X |0 (DE-627)717720993 |0 (DE-576)366519220 |a Arabischer Frühling |2 gnd |
| 651 | 7 | |0 (DE-588)4458326-6 |0 (DE-627)230193560 |0 (DE-576)212644122 |a Es Safı |g Jordanien |2 gnd | |
| 773 | 0 | 8 | |i Enthalten in |t Middle East Law and Governance |d Leiden [u.a.] : Brill, 2009 |g 12(2020), 1, Seite 35-60 |w (DE-627)59846042X |w (DE-600)2492325-4 |w (DE-576)432939849 |x 1876-3367 |7 nnas |
| 773 | 1 | 8 | |g volume:12 |g year:2020 |g number:1 |g pages:35-60 |
| 935 | |a mteo | ||
| 936 | f | i | |0 (DE-627)1756133670 |a RG02.12 |b Jordanien |k Naher und Mittlerer Osten und Nordafrika |k Arabischer Osten/Israel |k Jordanien |2 fivr |
| 936 | f | i | |0 (DE-627)1756136076 |a SG07 |b Gesellschaftliche Bewegungen/Vereinigungen |k Gesellschaft |k Gesellschaftliche Bewegungen/Vereinigungen |2 fivs |
| 936 | f | i | |0 (DE-627)1756136092 |a SG09 |b Religion/Religionsgemeinschaften |k Gesellschaft |k Religion/Religionsgemeinschaften |2 fivs |
| 938 | 1 | 0 | |0 (DE-627)1756236232 |0 (DE-615)6600694 |a Jordanien |2 fivt |
| 938 | 1 | 0 | |0 (DE-627)175622496X |0 (DE-615)6601408 |a Gesellschaftliche/Politische Bewegung |2 fivt |
| 938 | 1 | 0 | |0 (DE-627)1756218285 |0 (DE-615)6600436 |a Politischer Islam |2 fivt |
| 938 | 1 | 0 | |0 (DE-627)1756197016 |0 (DE-615)6601347 |a Muslimbrüder |2 fivt |
| 938 | 1 | 0 | |a Al-Ihwan al-Muslimin (Al-Urdunn) |2 fivt |
| 938 | 1 | 0 | |0 (DE-627)1756185026 |0 (DE-615)6606981 |a Reaktion |2 fivt |
| 938 | 1 | 0 | |0 (DE-627)717720993 |0 (DE-588)102321377X |a Arabischer Frühling |2 gnd |2 fivt |
| 938 | 1 | 0 | |0 (DE-627)1756193215 |0 (DE-615)6609029 |a Verhältnis gesellschaftliche Vereinigung - Staat |2 fivt |
| 951 | |a AR | ||
| ELC | |b 1 | ||
| LOK | |0 000 xxxxxcx a22 zn 4500 | ||
| LOK | |0 001 4426543746 | ||
| LOK | |0 003 DE-627 | ||
| LOK | |0 004 1727468333 | ||
| LOK | |0 005 20231219173207 | ||
| LOK | |0 008 231205||||||||||||||||ger||||||| | ||
| LOK | |0 040 |a DE-Tue135 |c DE-627 |d DE-Tue135 | ||
| LOK | |0 092 |o n | ||
| LOK | |0 852 |a DE-Tue135 | ||
| LOK | |0 852 1 |9 00 | ||
| LOK | |0 935 |a fivi | ||
| LOK | |0 939 |a 05-12-23 |b l01 | ||
| ORI | |a SA-MARC-ixtheoa001.raw | ||
| REL | |a 1 | ||
| STA | 0 | 0 | |a Arab Spring,Arabellion,Arab Awakening,Islam and politics,Reaction,Reactionary politics,Reaction |
| STB | 0 | 0 | |a Islam et politique,Printemps arabe,Réaction,Réaction |
| STC | 0 | 0 | |a Islamismo y política,Primavera árabe,Reacción,Reacción |
| STD | 0 | 0 | |a Primavera araba,Reazione,Reazione |
| STE | 0 | 0 | |a 反动,阿拉伯之春 |
| STF | 0 | 0 | |a 伊斯兰教与政治,反動,阿拉伯之春 |
| STG | 0 | 0 | |a Primavera árabe,Reação,Reação |
| STH | 0 | 0 | |a Арабская весна,Политический ислам,Реакция,Реакция (политика) |
| STI | 0 | 0 | |a Αντίδραση,Αντίδραση (πολιτική),Αραβική Άνοιξη |
| SUB | |a REL | ||
| SYE | 0 | 0 | |a Das Reagieren,Reaktionäre Kräfte,Reaktionäre Bewegung , Arabellion,ar- Rabīʿ al-ʿArabī,الربيع العربي |
| SYF | 0 | 0 | |a Zoara,Zoar,Zohar,Soar,Zoaras,Zoora,Ghor Es-Safi,Safi,Aş Şāfī,Ġōr ẹs-Ṣāfiye,Zōara,Zara,Zora |